Statistiques concernant Heuliez-Bus et ses Origines

Cliquez ici pour prendre le quiz!

Statistiques générales

  • Ce quiz a été pris 53 fois
    (47 depuis la dernière actualisation)
  • Le résultat moyen est 15 sur 24

Statistiques - réponses

Réponse% Correct
GX 337
97%
GX 127
94%
GX 327
92%
GX 317
89%
GX 427
89%
GX 117
86%
GX 137
86%
GX 417
86%
GX 437
81%
GX 217
75%
GX 127 L
72%
GX 137 L
67%
GX 107
64%
GX 117 L
64%
GX 337 Linium
50%
GX 437 Linium
50%
GX 17
44%
GX 187
42%
GX 77 H
31%
GX 87
31%
GX 44
28%
GX 57
28%
O 305
22%
O 305 G
17%

Distribution des résultats

Percentile par nombre de réponses

% des personnes avec chaque résultat

Votre développement - résultats

Vous n’avez pas pris ce quiz depuis la dernière actualisation